[Event "Oberliga Ost A"]
[Site "?"]
[Date "2022.06.18"]
[Round "4.6"]
[White "Willberg, Frank"]
[Black "Haufe, Laurin"]
[Result "0-1"]
[WhiteElo "1889"]
[BlackElo "2138"]
[PlyCount "46"]
[EventDate "2021.10.10"]
[EventType "team-tourn"]
[EventCountry "GER"]
[WhiteTeam "Magdeburg SG Aufbau Elbe II"]
[BlackTeam "Leipzig SG II"]
[WhiteTeamCountry "GER"]
[BlackTeamCountry "GER"]

1. Nf3 c5 2. c4 Nf6 3. g3 Nc6 4. Bg2 e6 5. O-O Be7 6. Nc3 d5 7. cxd5 Nxd5 8.
Nxd5 exd5 9. d4 b6 10. dxc5 bxc5 11. Qa4 Bd7 12. e3 O-O 13. Nd2 Nb4 14. Qb3 Bb5
15. Re1 Bd3 16. Bf1 c4 17. Qc3 Nc2 18. Bxd3 cxd3 19. Nb3 Bb4 20. Qxd3 Nxe1 21.
Qd1 Qc8 22. Bd2 Bxd2 23. Nxd2 Nd3 0-1

[Event "Oberliga Ost A"]
[Site "?"]
[Date "2022.06.18"]
[Round "4.7"]
[White "Gempe, Thomas"]
[Black "Eschner, Fabian"]
[Result "1-0"]
[WhiteElo "2142"]
[BlackElo "1726"]
[PlyCount "129"]
[EventDate "2021.10.10"]
[EventType "team-tourn"]
[EventCountry "GER"]
[WhiteTeam "Leipzig SG II"]
[BlackTeam "Magdeburg SG Aufbau Elbe II"]
[WhiteTeamCountry "GER"]
[BlackTeamCountry "GER"]

1. d4 d5 2. c4 e6 3. Nf3 Nf6 4. g3 c5 5. cxd5 Nxd5 6. Bg2 Nc6 7. O-O Nf6 8. e3
Be7 9. Qe2 O-O 10. Rd1 Qc7 11. Nc3 a6 12. e4 cxd4 13. Nxd4 Rd8 14. Nxc6 bxc6
15. Rxd8+ Bxd8 16. Be3 Bb7 17. Rc1 Be7 18. Na4 Nd7 19. b3 Rc8 20. Nc5 Bxc5 21.
Bxc5 Nf6 22. Qe3 Ng4 23. Qe2 Nf6 24. Bf3 Rd8 25. Qe3 Qe5 26. Kg2 Qb2 27. a4 Ne8
28. Rd1 Rxd1 29. Bxd1 Qf6 30. e5 Qg6 31. Qd4 f6 32. exf6 Nxf6 33. Bf3 Nd5 34.
Qe5 Qe8 35. Bh5 Qd7 36. Bf3 Bc8 37. h4 Qd8 38. h5 h6 39. Be4 Qd7 40. Qb8 Qd8
41. Kh2 Qd7 42. Qe5 Nf6 43. Bf3 Qd5 44. Bxd5 Ng4+ 45. Kg2 Nxe5 46. Be4 Bd7 47.
f4 Ng4 48. Bd4 Nf6 49. Bf3 Nd5 50. Kf2 Kf7 51. Ke2 Be8 52. Kd3 Bd7 53. Kc4 g6
54. Kc5 Be8 55. Kd6 Ne7 56. hxg6+ Nxg6 57. Bh5 Kf8 58. Bf6 Kf7 59. Bd8 Kg7 60.
g4 Kf8 61. f5 exf5 62. gxf5 Nh4 63. Be7+ Kg7 64. Bxe8 Nxf5+ 65. Kd7 1-0

[Event "Oberliga Ost A"]
[Site "?"]
[Date "2022.06.19"]
[Round "5.1"]
[White "Belous, Mikhail"]
[Black "Pulpan, Jakub"]
[Result "1/2-1/2"]
[WhiteElo "2378"]
[BlackElo "2415"]
[PlyCount "41"]
[EventDate "2021.10.10"]
[EventType "team-tourn"]
[EventCountry "GER"]
[WhiteTeam "Dessau SK"]
[BlackTeam "Aue ESV Nickelhuette"]
[WhiteTeamCountry "GER"]
[BlackTeamCountry "GER"]

1. d4 Nf6 2. c4 e6 3. Nf3 d5 4. Nc3 c5 5. cxd5 exd5 6. g3 Nc6 7. Bg2 cxd4 8.
Nxd4 Bc5 9. Nxc6 bxc6 10. O-O O-O 11. Na4 Bb6 12. Qc2 Bd7 13. Nxb6 axb6 14. b4
Qe7 15. a3 Rfe8 16. Be3 b5 17. Rfe1 Ne4 18. Bd4 Nd6 19. Bc5 Qf6 20. Bxd6 Qxd6
21. e4 1/2-1/2

[Event "Oberliga Ost A"]
[Site "?"]
[Date "2022.06.19"]
[Round "5.2"]
[White "Cerveny, Martin"]
[Black "Matthey, Harald"]
[Result "1-0"]
[WhiteElo "2400"]
[BlackElo "2072"]
[PlyCount "81"]
[EventDate "2021.10.10"]
[EventType "team-tourn"]
[EventCountry "GER"]
[WhiteTeam "Aue ESV Nickelhuette"]
[BlackTeam "Dessau SK"]
[WhiteTeamCountry "GER"]
[BlackTeamCountry "GER"]

1. d4 d5 2. c4 c6 3. Nf3 Nf6 4. e3 g6 5. Nc3 Bg7 6. Bd2 O-O 7. Rc1 Bg4 8. Qb3
Qb6 9. Qxb6 axb6 10. cxd5 cxd5 11. Ne5 Be6 12. Bb5 Ne8 13. b3 Nd6 14. Be2 f6
15. Nd3 Bf7 16. Nb4 e6 17. Na4 Nd7 18. Rc7 Be8 19. O-O Rf7 20. Rfc1 Bf8 21. f3
Be7 22. Be1 Bd8 23. R7c2 Be7 24. Nd3 g5 25. g4 Rg7 26. Bg3 Nb5 27. Rc8 Rxc8 28.
Rxc8 Kf7 29. Nf2 Na3 30. Bd3 b5 31. Nc3 b4 32. Na4 b6 33. e4 dxe4 34. Nxe4 b5
35. Nac5 Nb6 36. Rb8 Nd5 37. Nd6+ Bxd6 38. Bxd6 Nc3 39. h3 Nxa2 40. d5 exd5 41.
Bf5 1-0

[Event "Oberliga Ost A"]
[Site "?"]
[Date "2022.06.19"]
[Round "5.3"]
[White "Schubert, Ralf"]
[Black "Eichner, Sebastian"]
[Result "0-1"]
[WhiteElo "2124"]
[BlackElo "2352"]
[PlyCount "98"]
[EventDate "2021.10.10"]
[EventType "team-tourn"]
[EventCountry "GER"]
[WhiteTeam "Dessau SK"]
[BlackTeam "Aue ESV Nickelhuette"]
[WhiteTeamCountry "GER"]
[BlackTeamCountry "GER"]

{[%evp 0,98,26,25,52,-24,-8,-16,10,-4,30,13,29,-10,-2,1,14,30,33,34,39,23,20,
16,28,27,27,-11,-5,-11,6,1,30,-23,-13,-47,-38,-52,-52,-60,-60,-83,-80,-54,-130,
-108,-88,-111,-123,-62,-58,-60,-60,-71,-61,-44,-53,-53,-56,-29,-19,-68,-161,
-174,-178,-178,-84,-84,-83,-75,-78,-84,-87,-86,-79,-79,-84,-77,-80,-84,-82,
-100,-104,-99,-100,-111,-113,-123,-111,-118,-182,-107,-155,-196,-112,-155,-191,
-304,-331,-441,-446]} 1. d4 d5 2. c4 e6 3. Nc3 Be7 4. Nf3 Nf6 5. Bg5 h6 6. Bh4
O-O 7. e3 b6 8. cxd5 Nxd5 9. Bxe7 Qxe7 10. Nxd5 exd5 11. Be2 Be6 12. O-O c5 13.
dxc5 bxc5 14. Qa4 Rc8 15. Rfd1 a5 16. Ne1 Nd7 17. Rd2 Qf6 18. Rc1 c4 19. Qd1
Rab8 20. e4 dxe4 21. Rxd7 Bxd7 22. Qxd7 Rd8 23. Qc7 Rxb2 24. Qxc4 Rd4 25. Qc8+
Kh7 26. Rc2 Rd2 27. Rxb2 Rxb2 28. Qc4 g6 29. Kf1 Kg8 30. Qd5 e3 31. Qf3 Qxf3
32. Nxf3 Rb1+ 33. Ne1 exf2 34. Kxf2 Rb2 35. Ke3 Rxa2 36. Bc4 Rb2 37. Kd3 Kg7
38. Kc3 Rb1 39. Nd3 f5 40. Nb2 Kf6 41. Bd5 g5 42. h3 Ke5 43. Ba8 Kf4 44. Kc2
Rg1 45. Nc4 Kg3 46. Ne3 Kf4 47. Kd2 a4 48. g4 fxg4 49. Nxg4 a3 0-1

[Event "Oberliga Ost A"]
[Site "?"]
[Date "2022.06.19"]
[Round "5.4"]
[White "Solberg, Joachim"]
[Black "Erler, Rainer"]
[Result "1/2-1/2"]
[WhiteElo "2167"]
[BlackElo "2082"]
[PlyCount "74"]
[EventDate "2021.10.10"]
[EventType "team-tourn"]
[EventCountry "GER"]
[WhiteTeam "Aue ESV Nickelhuette"]
[BlackTeam "Dessau SK"]
[WhiteTeamCountry "GER"]
[BlackTeamCountry "GER"]

1. e4 e5 2. Nc3 Nf6 3. Bc4 Nc6 4. d3 Na5 5. Nge2 Bc5 6. h3 a6 7. Ng3 d6 8. a3
Nxc4 9. dxc4 O-O 10. Qd3 Re8 11. O-O Be6 12. b3 Kh8 13. Be3 c6 14. Rfd1 Bxe3
15. Qxe3 Qc7 16. f4 exf4 17. Qxf4 Qa5 18. Rd3 Rad8 19. Qd2 Rd7 20. Kh1 Red8 21.
Rf1 Qe5 22. Re3 Nh5 23. Qf2 Nxg3+ 24. Rxg3 f6 25. Re3 Bf7 26. a4 Re7 27. Rfe1
Qc5 28. Qd2 Red7 29. Qe2 Bh5 30. Qf1 Bg6 31. Qf3 Qe5 32. Nb1 Re7 33. Nd2 Rde8
34. Qe2 Qb2 35. Qd3 Qe5 36. Qe2 Qb2 37. Qd3 Qe5 1/2-1/2

[Event "Oberliga Ost A"]
[Site "?"]
[Date "2022.06.19"]
[Round "5.5"]
[White "Leibovitch, Iziaslav"]
[Black "Jurasek, Miroslav"]
[Result "0-1"]
[WhiteElo "2103"]
[BlackElo "2219"]
[PlyCount "154"]
[EventDate "2021.10.10"]
[EventType "team-tourn"]
[EventCountry "GER"]
[WhiteTeam "Dessau SK"]
[BlackTeam "Aue ESV Nickelhuette"]
[WhiteTeamCountry "GER"]
[BlackTeamCountry "GER"]

1. Nf3 d5 2. g3 Nf6 3. Bg2 Bg4 4. O-O Nbd7 5. d3 c6 6. Nbd2 e6 7. e4 Bc5 8. h3
Bh5 9. Qe1 Bg6 10. Nh4 Qc7 11. Kh2 Be7 12. f4 Nc5 13. e5 Nfd7 14. Nhf3 a5 15.
Nb3 a4 16. Nbd4 O-O 17. Be3 a3 18. b3 h6 19. g4 Bh7 20. Qg3 Kh8 21. Rae1 Rg8
22. f5 Nf8 23. Bf4 Qb6 24. f6 gxf6 25. exf6 Bxf6 26. Ne5 Ncd7 27. Ndf3 Bg6 28.
Bxh6 Qd8 29. g5 Bxe5 30. Nxe5 Nxe5 31. Qxe5+ Kh7 32. Qg3 Bf5 33. Bxf8 Qxf8 34.
Bf3 Qb8 35. h4 Qxg3+ 36. Kxg3 f6 37. Bg4 fxg5 38. Bxf5+ exf5 39. Rxf5 gxh4+ 40.
Kxh4 Rg7 41. Rh5+ Kg8 42. Rg5 Rxg5 43. Kxg5 Kf7 44. Rh1 Ke6 45. Kf4 Kd6 46. Ke3
Rg8 47. d4 Kc7 48. Kd3 Kb6 49. Re1 Rg3+ 50. Kd2 Rg4 51. Kd3 Rg2 52. Re2 Rg1 53.
c3 Ra1 54. Rd2 Kb5 55. Rg2 Kb6 56. Rh2 Kc7 57. c4 Kb6 58. cxd5 cxd5 59. Kc3 Ka5
60. Rh8 Rxa2 61. Ra8+ Kb5 62. b4 Rh2 63. Ra5+ Kc6 64. Rc5+ Kd6 65. Ra5 a2 66.
Kb3 Ke6 67. b5 b6 68. Ra8 Kf5 69. Kc3 Rh3+ 70. Kb2 Ke4 71. Kxa2 Kxd4 72. Rc8
Rh7 73. Rc6 Rb7 74. Kb2 Kd3 75. Rh6 Kc4 76. Rd6 Kc5 77. Rd8 Rg7 0-1

[Event "Oberliga Ost A"]
[Site "?"]
[Date "2022.06.19"]
[Round "5.6"]
[White "Poessel, Christian"]
[Black "Ozeran, Volodymyr"]
[Result "0-1"]
[WhiteElo "1991"]
[BlackElo "2080"]
[PlyCount "76"]
[EventDate "2021.10.10"]
[EventType "team-tourn"]
[EventCountry "GER"]
[WhiteTeam "Aue ESV Nickelhuette"]
[BlackTeam "Dessau SK"]
[WhiteTeamCountry "GER"]
[BlackTeamCountry "GER"]

1. d4 d5 2. c4 c6 3. Nf3 Nf6 4. g3 Bf5 5. Nc3 e6 6. Qb3 b6 7. Bg2 Nbd7 8. O-O
Bd6 9. Nd2 Rc8 10. e4 dxe4 11. Ndxe4 Nxe4 12. Nxe4 Bxe4 13. Bxe4 O-O 14. Rd1
Qc7 15. Qc2 Nf6 16. Bg2 h6 17. c5 Be7 18. Bf4 Qd7 19. a4 Nd5 20. Bd2 Bf6 21.
Be1 bxc5 22. dxc5 Qc7 23. Ra3 Rb8 24. b3 a5 25. Qe4 Bb2 26. Ra2 Bc3 27. Qc2
Bxe1 28. Bxd5 Bxf2+ 29. Kxf2 exd5 30. Rd4 Qe5 31. Rf4 Rfe8 32. Kg2 Re6 33. Qd2
Rxb3 34. Qxa5 g5 35. Rb4 Re3 36. Qa6 d4 37. Qc8+ Kg7 38. Qd7 Qe4+ 0-1

[Event "Oberliga Ost A"]
[Site "?"]
[Date "2022.05.22"]
[Round "5.1"]
[White "Zwahr, Paul"]
[Black "Hartge, Gedeon"]
[Result "1/2-1/2"]
[WhiteElo "2290"]
[BlackElo "2250"]
[PlyCount "87"]
[EventDate "2021.10.10"]
[EventType "team-tourn"]
[EventCountry "GER"]
[WhiteTeam "Dresden SG Gruen Weiss"]
[BlackTeam "Halle USV"]
[WhiteTeamCountry "GER"]
[BlackTeamCountry "GER"]

1. e4 c6 2. d4 d5 3. e5 Bf5 4. h4 h5 5. Bd3 Bxd3 6. Qxd3 Qa5+ 7. Nd2 e6 8. Ngf3
Qa6 9. c4 Ne7 10. O-O Nf5 11. b3 Be7 12. g3 Qa5 13. Rd1 Na6 14. a3 O-O 15. Nf1
dxc4 16. bxc4 Rad8 17. Qb3 Qb6 18. Qxb6 axb6 19. Rb1 Rd7 20. Ne3 Nxe3 21. Bxe3
Bd8 22. Nd2 Bc7 23. Ne4 Rfd8 24. Bg5 Ra8 25. Nd6 Bxd6 26. exd6 Rxd6 27. Rxb6
Rd7 28. Be3 Nc5 29. Rdb1 Ne4 30. Rxb7 Rxb7 31. Rxb7 Rxa3 32. Kg2 Ra4 33. c5 Ra8
34. Rb6 Rc8 35. Bf4 Nc3 36. Kf3 Kh7 37. g4 hxg4+ 38. Kxg4 Nb5 39. Be3 Rc7 40.
h5 Rc8 41. Kf4 f6 42. Kf3 g5 43. hxg6+ Kxg6 44. Kf4 1/2-1/2

[Event "Oberliga Ost A"]
[Site "?"]
[Date "2022.05.22"]
[Round "5.3"]
[White "Dahl, Christoph"]
[Black "Schulte, Felix"]
[Result "1-0"]
[WhiteElo "2368"]
[BlackElo "2176"]
[PlyCount "133"]
[EventDate "2021.10.10"]
[EventType "team-tourn"]
[EventCountry "GER"]
[WhiteTeam "Dresden SG Gruen Weiss"]
[BlackTeam "Halle USV"]
[WhiteTeamCountry "GER"]
[BlackTeamCountry "GER"]

1. e4 c5 2. Nf3 e6 3. d4 cxd4 4. Nxd4 Nf6 5. Nc3 d6 6. Bd3 a6 7. O-O Be7 8. Qe2
O-O 9. Kh1 b5 10. Bd2 Bb7 11. f4 b4 12. Nd1 d5 13. e5 Ne4 14. Nf2 Bc5 15. c3
bxc3 16. bxc3 Nxd2 17. Qxd2 Nc6 18. Rab1 Qe7 19. Bc2 Na5 20. Qd3 Qh4 21. Nf3
Qh5 22. Ng5 Bc6 23. Qxh7+ Qxh7 24. Bxh7+ Kh8 25. Bd3 Nc4 26. Nfe4 dxe4 27. Bxc4
Rad8 28. f5 Be3 29. h4 Bxg5 30. hxg5 exf5 31. Rxf5 Bd5 32. Bxd5 Rxd5 33. g6 f6
34. Re1 Rxe5 35. Rxe5 fxe5 36. Rxe4 Rf6 37. Rxe5 Rxg6 38. Kg1 Rg3 39. Rc5 Rd3
40. a4 Rd2 41. Rc6 Rc2 42. a5 Kg8 43. Kf1 Kf7 44. g3 Ke7 45. Ke1 g5 46. Kd1 Rg2
47. Rxa6 Rxg3 48. Kc2 Rg1 49. Kb2 Kd7 50. Rg6 Kc7 51. a6 Kb8 52. Rg7 g4 53. Kb3
Ra1 54. Rxg4 Rxa6 55. Kb4 Rf6 56. Rg7 Rf4+ 57. c4 Kc8 58. Kc5 Rf5+ 59. Kd6 Rf6+
60. Ke5 Rh6 61. Kd5 Rh5+ 62. Kc6 Rh6+ 63. Kb5 Rh5+ 64. c5 Rf5 65. Kb6 Rf6+ 66.
c6 Rf8 67. Ra7 1-0

[Event "Oberliga Ost A"]
[Site "?"]
[Date "2022.05.22"]
[Round "5.4"]
[White "Sukaylo, Aleksey"]
[Black "Genkin, Michael"]
[Result "1/2-1/2"]
[WhiteElo "2107"]
[BlackElo "2271"]
[PlyCount "92"]
[EventDate "2021.10.10"]
[EventType "team-tourn"]
[EventCountry "GER"]
[WhiteTeam "Halle USV"]
[BlackTeam "Dresden SG Gruen Weiss"]
[WhiteTeamCountry "GER"]
[BlackTeamCountry "GER"]

1. e4 c6 2. d4 d5 3. e5 Bf5 4. Nf3 e6 5. Be2 Ne7 6. O-O Nd7 7. Nbd2 Bg6 8. a4
c5 9. Bb5 cxd4 10. Nb3 a6 11. Bxd7+ Qxd7 12. Nbxd4 Nc6 13. Be3 Be7 14. c3 O-O
15. b4 a5 16. b5 Nxd4 17. Bxd4 Rfc8 18. Qd2 Bc5 19. Qe3 Bxd4 20. Nxd4 Rc4 21.
Rfc1 Qc7 22. f3 Qc5 23. Kf2 Rc8 24. Ne2 Bd3 25. Qxc5 R8xc5 26. Ra3 Bxe2 27.
Kxe2 g5 28. g3 Rc8 29. Kd3 d4 30. Rc2 Kg7 31. g4 Kg6 32. Raa2 dxc3 33. Ra3 Rf4
34. Ke3 Rcc4 35. Rcxc3 Rxa4 36. Rxa4 Rxa4 37. Rc7 b6 38. Rc6 h5 39. h3 h4 40.
Rxb6 Rb4 41. Rb8 a4 42. b6 a3 43. Ra8 Rxb6 44. Rxa3 Rb1 45. Ke4 Kg7 46. Rd3
Re1+ 1/2-1/2

[Event "Oberliga Ost A"]
[Site "?"]
[Date "2022.05.22"]
[Round "5.6"]
[White "Perekhozhuk, Maksym"]
[Black "Gehmlich, Marcel"]
[Result "0-1"]
[WhiteElo "1978"]
[BlackElo "2188"]
[PlyCount "74"]
[EventDate "2021.10.10"]
[EventType "team-tourn"]
[EventCountry "GER"]
[WhiteTeam "Halle USV"]
[BlackTeam "Dresden SG Gruen Weiss"]
[WhiteTeamCountry "GER"]
[BlackTeamCountry "GER"]

1. e4 c5 2. Nf3 e6 3. d4 cxd4 4. Nxd4 a6 5. f4 b5 6. Qf3 Bb7 7. Bd3 Nf6 8. g4
d5 9. e5 Ne4 10. g5 Bc5 11. Be3 Qb6 12. c3 Nc6 13. Bxe4 Nxd4 14. cxd4 Bxd4 15.
Bxd4 Qxd4 16. Bc2 Qxb2 17. Qc3 Qc1+ 18. Bd1 Qxc3+ 19. Nxc3 d4 20. Nxb5 axb5 21.
O-O Ke7 22. Be2 h6 23. Rac1 Rhc8 24. Rxc8 Rxc8 25. Bxb5 hxg5 26. Rd1 gxf4 27.
Rxd4 Rc1+ 28. Kf2 Rc2+ 29. Kg1 Bd5 30. a4 Rg2+ 31. Kf1 Rxh2 32. Rxf4 Rh5 33.
Rb4 Rxe5 34. a5 Rh5 35. a6 Kd6 36. Be8 Rh8 37. Bb5 Kc5 0-1

[Event "Oberliga Ost A"]
[Site "?"]
[Date "2022.05.22"]
[Round "5.8"]
[White "Altstadt, Karl Simon"]
[Black "Hutschenreiter, Joerg"]
[Result "1/2-1/2"]
[WhiteElo "2005"]
[BlackElo "2019"]
[PlyCount "112"]
[EventDate "2021.10.10"]
[EventType "team-tourn"]
[EventCountry "GER"]
[WhiteTeam "Halle USV"]
[BlackTeam "Dresden SG Gruen Weiss"]
[WhiteTeamCountry "GER"]
[BlackTeamCountry "GER"]

1. e4 c5 2. Nf3 d6 3. d4 cxd4 4. Qxd4 a6 5. h3 h6 6. c4 Nf6 7. Nc3 e5 8. Qe3
Be6 9. Be2 Nbd7 10. O-O Be7 11. Rd1 O-O 12. b3 Qc7 13. Ba3 Nc5 14. Rac1 b6 15.
b4 Ncd7 16. Nd5 Bxd5 17. cxd5 Qb7 18. Rc6 b5 19. Rdc1 Ne8 20. Nd2 Bd8 21. Bg4
Nb6 22. R1c2 Rb8 23. Qg3 g6 24. Bc1 Kh7 25. h4 f5 26. exf5 gxf5 27. Qf3 Qf7 28.
Bh5 Qxd5 29. Bxe8 Qxf3 30. Nxf3 Rxe8 31. Rxd6 Nc4 32. Rxh6+ Kg7 33. Rxa6 Bb6
34. a4 e4 35. axb5 exf3 36. Rxc4 Re1+ 37. Kh2 Bxf2 38. Rc7+ Kf8 39. Rf6+ Ke8
40. Bh6 Kd8 41. Rh7 Bg1+ 42. Kg3 Re7 43. Rh8+ Re8 44. Rxe8+ Kxe8 45. Kxf3 Rxb5
46. Be3 Bxe3 47. Kxe3 Ke7 48. Ra6 Rxb4 49. g3 Kf7 50. Rd6 Rg4 51. Kf3 Ra4 52.
Kg2 Kg7 53. Kh3 Ra3 54. Rd4 Kg6 55. Rf4 Ra2 56. h5+ Kg5 1/2-1/2

[Event "Oberliga Ost A"]
[Site "?"]
[Date "2022.05.22"]
[Round "5.1"]
[White "Bures, Jaroslav"]
[Black "Strache, Michael"]
[Result "1/2-1/2"]
[WhiteElo "2422"]
[BlackElo "2302"]
[PlyCount "38"]
[EventDate "2021.10.10"]
[EventType "team-tourn"]
[EventCountry "GER"]
[WhiteTeam "Hoyerswerda FVS ASP"]
[BlackTeam "Sangerhausen SV"]
[WhiteTeamCountry "GER"]
[BlackTeamCountry "GER"]

1. d4 Nf6 2. c4 g6 3. Nc3 Bg7 4. e4 d6 5. Nf3 O-O 6. Be2 e5 7. O-O exd4 8. Nxd4
Re8 9. f3 c6 10. Bf4 d5 11. cxd5 cxd5 12. Ndb5 Na6 13. exd5 Nh5 14. Bd6 Qb6+
15. Kh1 Bxc3 16. bxc3 Bd7 17. a4 Bxb5 18. axb5 Nc5 19. g4 Qxd6 1/2-1/2

[Event "Oberliga Ost A"]
[Site "?"]
[Date "2022.05.22"]
[Round "5.2"]
[White "Heyder, Florian"]
[Black "Orsag, Milan"]
[Result "1/2-1/2"]
[WhiteElo "2215"]
[BlackElo "2315"]
[PlyCount "57"]
[EventDate "2021.10.10"]
[EventType "team-tourn"]
[EventCountry "GER"]
[WhiteTeam "Sangerhausen SV"]
[BlackTeam "Hoyerswerda FVS ASP"]
[WhiteTeamCountry "GER"]
[BlackTeamCountry "GER"]

1. e4 c5 2. Nf3 e6 3. d3 Nc6 4. g3 g6 5. Bg2 Bg7 6. O-O Nge7 7. Re1 O-O 8. c3
e5 9. Be3 d6 10. d4 exd4 11. cxd4 Qb6 12. Nc3 cxd4 13. Na4 Qb4 14. a3 Qa5 15.
Nxd4 Bd7 16. Bd2 Qd8 17. Nxc6 Bxc6 18. Bc3 Bxa4 19. Qxa4 Bxc3 20. bxc3 Qc7 21.
Rac1 Rfd8 22. f4 Rac8 23. Kh1 Nc6 24. Qb5 b6 25. Qg5 Qe7 26. Qh6 Qf8 27. Qg5
Qe7 28. Qh6 Qf8 29. Qg5 1/2-1/2

[Event "Oberliga Ost A"]
[Site "?"]
[Date "2022.05.22"]
[Round "5.3"]
[White "Hovsepyan, Vardan"]
[Black "Guenther, Christian"]
[Result "1-0"]
[WhiteElo "2244"]
[BlackElo "2146"]
[PlyCount "107"]
[EventDate "2021.10.10"]
[EventType "team-tourn"]
[EventCountry "GER"]
[WhiteTeam "Hoyerswerda FVS ASP"]
[BlackTeam "Sangerhausen SV"]
[WhiteTeamCountry "GER"]
[BlackTeamCountry "GER"]

1. e4 Nf6 2. e5 Nd5 3. d4 d6 4. Nf3 Bg4 5. Be2 g6 6. h3 Bxf3 7. Bxf3 dxe5 8.
dxe5 c6 9. O-O Bg7 10. Qe1 e6 11. Bd1 Qh4 12. Nd2 Nd7 13. Ne4 h6 14. c4 N5b6
15. Nd6+ Kf8 16. Nxb7 Nxe5 17. Be2 Nexc4 18. Na5 Nxa5 19. Qxa5 Kg8 20. Rb1 Qa4
21. Qxa4 Nxa4 22. Ba6 Rb8 23. b3 Nc3 24. Rb2 Bd4 25. Rc2 Rb6 26. Bc4 Nd5 27.
Rd1 Nb4 28. Rxd4 Nxc2 29. Rd7 Rb8 30. Bb2 Rh7 31. Rxa7 Nb4 32. h4 Nd5 33. Bxd5
exd5 34. Bf6 Rg7 35. Rc7 Rb6 36. g4 Kh7 37. Kg2 Ra6 38. a4 Rb6 39. a5 Rxb3 40.
a6 Ra3 41. a7 c5 42. g5 d4 43. Kf1 d3 44. Ke1 Ra2 45. Kd1 c4 46. f3 c3 47. Rxc3
Rg8 48. Rc7 Rf8 49. Rb7 hxg5 50. Rb8 Rg8 51. hxg5 Ra4 52. a8=Q Rxa8 53. Rb4 Ra7
54. Rh4# 1-0

[Event "Oberliga Ost A"]
[Site "?"]
[Date "2022.05.22"]
[Round "5.4"]
[White "Ellemann, Stefan"]
[Black "Jahnel, Guenther"]
[Result "0-1"]
[WhiteElo "2036"]
[BlackElo "2177"]
[PlyCount "116"]
[EventDate "2021.10.10"]
[EventType "team-tourn"]
[EventCountry "GER"]
[WhiteTeam "Sangerhausen SV"]
[BlackTeam "Hoyerswerda FVS ASP"]
[WhiteTeamCountry "GER"]
[BlackTeamCountry "GER"]

1. c4 Nf6 2. g3 g6 3. Bg2 Bg7 4. Nc3 O-O 5. Nf3 d6 6. O-O e5 7. d4 exd4 8. Nxd4
Re8 9. b3 Nbd7 10. Bb2 a5 11. Qc2 Nc5 12. Rad1 c6 13. Ba3 Qb6 14. Rd2 Bd7 15.
Rfd1 Rad8 16. Qb1 Bc8 17. e3 Qc7 18. Qc2 Bg4 19. Rb1 Qc8 20. b4 axb4 21. Bxb4
Bh3 22. Ba5 Bxg2 23. Kxg2 Rd7 24. Nb3 Nce4 25. Rdd1 h5 26. Nd2 Nxd2 27. Rxd2
Qa8 28. Bb6 h4 29. Rbd1 Re6 30. Bd4 Qa5 31. Bxf6 Bxf6 32. Ne4 Be7 33. gxh4 Qe5
34. Ng3 Bxh4 35. Rd4 Be7 36. Re4 Qf6 37. Rf4 Qe5 38. Re4 Qf6 39. Rf4 Qg7 40.
Rfd4 Bf6 41. R4d2 Be5 42. Ne4 Rde7 43. Ng5 Rf6 44. f4 Rf5 45. Rxd6 Bxd6 46.
Rxd6 Rxg5+ 47. fxg5 Qe5 48. Rd8+ Kg7 49. Rd3 Qxg5+ 50. Kh1 Qf5 51. Qc3+ f6 52.
Kg1 Qg4+ 53. Kf2 Qh4+ 54. Kg2 Qe4+ 55. Kg1 Re5 56. Rd7+ Kh6 57. Qd4 Rg5+ 58.
Kf2 Rg2+ 0-1

[Event "Oberliga Ost A"]
[Site "?"]
[Date "2022.05.22"]
[Round "5.6"]
[White "Buerckner, Georg"]
[Black "Grohmann, Alexander"]
[Result "1/2-1/2"]
[WhiteElo "2039"]
[BlackElo "1975"]
[PlyCount "43"]
[EventDate "2021.10.10"]
[EventType "team-tourn"]
[EventCountry "GER"]
[WhiteTeam "Sangerhausen SV"]
[BlackTeam "Hoyerswerda FVS ASP"]
[WhiteTeamCountry "GER"]
[BlackTeamCountry "GER"]

1. e4 c5 2. c3 d5 3. exd5 Nf6 4. d4 Nxd5 5. Nf3 e6 6. Bd3 cxd4 7. cxd4 Bb4+ 8.
Bd2 Bxd2+ 9. Qxd2 O-O 10. O-O Nc6 11. Nc3 Nce7 12. Rac1 Bd7 13. Ne5 Bc6 14. Ne4
Rc8 15. Ng5 Ng6 16. f4 Ndxf4 17. Bxg6 Qxg5 18. Rxf4 hxg6 19. h4 Qh5 20. Rcf1 f6
21. Qf2 Bb5 22. g4 1/2-1/2

[Event "Oberliga Ost A"]
[Site "?"]
[Date "2022.05.22"]
[Round "5.7"]
[White "Heyme, Sibylle"]
[Black "Markus, Nico"]
[Result "1-0"]
[WhiteElo "1976"]
[BlackElo "1707"]
[PlyCount "105"]
[EventDate "2021.10.10"]
[EventType "team-tourn"]
[EventCountry "GER"]
[WhiteTeam "Hoyerswerda FVS ASP"]
[BlackTeam "Sangerhausen SV"]
[WhiteTeamCountry "GER"]
[BlackTeamCountry "GER"]

1. e4 e5 2. Nf3 Nf6 3. Nc3 Nc6 4. d3 d6 5. g3 h6 6. Bg2 Be6 7. Be3 Be7 8. Qe2
Qd7 9. a3 O-O-O 10. O-O-O Kb8 11. h3 Qc8 12. d4 exd4 13. Nxd4 Nxd4 14. Bxd4 a6
15. f4 Ne8 16. Bf2 Bf6 17. Qe3 c5 18. e5 dxe5 19. Rxd8 Bxd8 20. Qxe5+ Qc7 21.
Qxc5 Qxc5 22. Bxc5 Nc7 23. Rd1 Kc8 24. Ne4 Ne8 25. Bd4 b6 26. g4 f6 27. Be3 Bc7
28. Nc3 Nd6 29. Bxb6 Nb5 30. Bxc7 Nxc3 31. Re1 Bd5 32. Bxd5 Nxd5 33. Bd6 Rd8
34. c4 Rxd6 35. cxd5 Rxd5 36. Kc2 Rd7 37. Re4 Kc7 38. Kc3 Kb6 39. Rd4 Re7 40.
Kd3 a5 41. Rc4 Re1 42. Rc3 Rh1 43. Ke4 g6 44. Kd5 g5 45. f5 Kb5 46. Ke6 Rb1 47.
Kxf6 Rxb2 48. Kg7 a4 49. f6 Rb3 50. Rc8 Rxa3 51. f7 Rf3 52. f8=Q Rxf8 53. Rxf8
1-0

[Event "Oberliga Ost A"]
[Site "?"]
[Date "2022.05.22"]
[Round "5.8"]
[White "Lehnert, Stefan"]
[Black "Hassemeier, Mika"]
[Result "0-1"]
[WhiteElo "1803"]
[BlackElo "2127"]
[PlyCount "174"]
[EventDate "2021.10.10"]
[EventType "team-tourn"]
[EventCountry "GER"]
[WhiteTeam "Sangerhausen SV"]
[BlackTeam "Hoyerswerda FVS ASP"]
[WhiteTeamCountry "GER"]
[BlackTeamCountry "GER"]

1. d4 g6 2. c4 Bg7 3. Nc3 d6 4. e4 Nc6 5. Be3 e5 6. dxe5 dxe5 7. Qxd8+ Nxd8 8.
O-O-O Nf6 9. f3 Ne6 10. g4 c6 11. Nge2 a5 12. h4 Bf8 13. Na4 Nd7 14. h5 Nec5
15. Bxc5 Bxc5 16. Nxc5 Nxc5 17. Nc3 Be6 18. Rh2 Ke7 19. Kc2 Rad8 20. Rxd8 Rxd8
21. Rd2 Rxd2+ 22. Kxd2 gxh5 23. gxh5 Kf6 24. Ke3 Kg5 25. b3 Kxh5 26. Ne2 Kg5
27. f4+ exf4+ 28. Nxf4 Bg4 29. Nh3+ Kh4 30. Nf2 Ne6 31. a3 h5 32. b4 axb4 33.
axb4 Kg5 34. Nd3 f6 35. Bg2 h4 36. c5 h3 37. Bh1 Kh4 38. Kf2 Nd4 39. e5 Bf5 40.
Ke3 fxe5 41. Nxe5 Nb5 42. Kf4 Be6 43. Nf3+ Kh5 44. Kg3 Kg6 45. Kf4 Bd5 46. Ne5+
Kf6 47. Ng4+ Ke6 48. Be4 Nd4 49. Bd3 Bg2 50. Bc4+ Kd7 51. Bd3 Ne6+ 52. Kg3 Nc7
53. Bf5+ Kd8 54. Ne3 Na6 55. Nc2 Kc7 56. Bd3 Kd7 57. Bf5+ Kd8 58. Bd3 Kc7 59.
Bf5 Bf1 60. Ne3 Bb5 61. Nc2 Ba4 62. Kxh3 Bxc2 63. Bxc2 Nxb4 64. Bf5 Na6 65. Kg3
Nxc5 66. Kf4 Kd6 67. Ke3 b5 68. Kd4 Ne6+ 69. Kc3 Ng7 70. Bd3 Kc5 71. Be4 Ne6
72. Bf5 Nc7 73. Bd3 Nd5+ 74. Kb3 Kd4 75. Be2 Nc3 76. Bf3 c5 77. Bg4 Nd5 78. Be2
c4+ 79. Kb2 b4 80. Bh5 Nf4 81. Bf7 Nd3+ 82. Kc2 b3+ 83. Kb1 Kc3 84. Bg6 Nb4 85.
Bf7 Nc2 86. Bxc4 Na3+ 87. Kc1 b2+ 0-1